000 00236nam a22000857a 4500
008 160712b xxu||||| |||| 00| 0 eng d
100 _92684
_a Balasubramanian, T
245 _aSound Patterns for the Phonetician
260 _aMadras
_b T.R.
_c1992
999 _c2334
_d2334